Modern business correspondence (Record no. 8654)
[ view plain ]
| 000 -LEADER | |
|---|---|
| fixed length control field | 00559 a2200181 4500 |
| 020 ## - INTERNATIONAL STANDARD BOOK NUMBER | |
| International Standard Book Number | 0071134891 (pbk.) |
| 035 ## - SYSTEM CONTROL NUMBER | |
| System control number | 6815574 |
| 040 ## - CATALOGING SOURCE | |
| Original cataloging agency | DLC |
| Language of cataloging | DLC |
| 100 10 - MAIN ENTRY--PERSONAL NAME | |
| Personal name | McComas, Donna C. |
| 245 10 - TITLE STATEMENT | |
| Title | Modern business correspondence |
| Statement of responsibility, etc. | Donna C. McComas, Marilyn L. Satterwhite. |
| 250 ## - EDITION STATEMENT | |
| Edition statement | 6th ed., International ed. |
| 260 0# - PUBLICATION, DISTRIBUTION, ETC. | |
| Place of publication, distribution, etc. | New York |
| Name of publisher, distributor, etc. | : Glencoe |
| Place of publication, distribution, etc. | : Singapore |
| Name of publisher, distributor, etc. | : McGraw-Hill, |
| Date of publication, distribution, etc. | 1993. |
| 300 ## - PHYSICAL DESCRIPTION | |
| Extent | vi, 313 p. |
| 490 0# - SERIES STATEMENT | |
| Series statement | English language. |
| 650 #0 - SUBJECT ADDED ENTRY--TOPICAL TERM | |
| Topical term or geographic name entry element | Commercial correspondence. |
| 700 10 - ADDED ENTRY--PERSONAL NAME | |
| Personal name | Satterwhite, Marilyn L. |
| 942 ## - ADDED ENTRY ELEMENTS (KOHA) | |
| Koha item type | Book |
| Call number prefix | 651.750711 MCC |
| Source of classification or shelving scheme | |
| Withdrawn status | Lost status | Damaged status | Not for loan | Collection code | Permanent Location | Current Location | Shelving location | Date acquired | Source of acquisition | Cost, normal purchase price | Total Checkouts | Full call number | Barcode | Date last seen | Price effective from | Koha item type |
|---|---|---|---|---|---|---|---|---|---|---|---|---|---|---|---|---|
| Central Library (CL) | Central Library (CL) | General Stacks | 10/10/2006 | Academic Book Company | 871.51 | 651.750711 MCC | SEECS007599 | 11/14/2012 | 01/05/2017 | Book |
